Catálogo
 En Linea

Traslado de los restos de los primeros mártires de Santiago en la restauración (17 de abril de 1863) y del general José Antonio Salcedo (5 de noviembre de 1864) al Panteon Nacional del 17 al 19 de abril de 1988, por disposición del Doctor Joaquín Balaguer Ricardo, Hon. Presidente de la República. (Registro nro. 56703)

Detalles MARC
000 -CABECERA
campo de control de longitud fija 00917nam a22002177a 4500
003 - IDENTIFICADOR DEL NÚMERO DE CONTROL
campo de control DO-SdBNP
005 - FECHA Y HORA DE LA ÚLTIMA TRANSACCIÓN
campo de control 20240520141348.0
007 - CAMPO FIJO DE DESCRIPCIÓN FÍSICA--INFORMACIÓN GENERAL
campo de control de longitud fija ta
008 - DATOS DE LONGITUD FIJA--INFORMACIÓN GENERAL
campo de control de longitud fija 240520e1988 dr abc|| |||| 00| 0 spa d
040 ## - FUENTE DE LA CATALOGACIÓN
Centro catalogador/agencia de origen DO-SdBNP
Lengua de catalogación spa
Centro/agencia transcriptor BNPHU
Normas de descripción rda
082 #4 - NÚMERO DE LA CLASIFICACIÓN DECIMAL DEWEY
Número de edición 22
Número de documento/Ítem T77r
245 00 - MENCIÓN DE TÍTULO
Título Traslado de los restos de los primeros mártires de Santiago en la restauración (17 de abril de 1863) y del general José Antonio Salcedo (5 de noviembre de 1864) al Panteon Nacional del 17 al 19 de abril de 1988, por disposición del Doctor Joaquín Balaguer Ricardo, Hon. Presidente de la República.
264 #1 - PRODUCCIÓN, PUBLICACIÓN, DISTRIBUCIÓN, FABRICACIÓN Y COPYRIGHT
Producción, publicación, distribución, fabricación y copyright Santo Domingo :
Nombre del de productor, editor, distribuidor, fabricante Tiempo,
Fecha de producción, publicación, distribución, fabricación o copyright [190?]
300 ## - DESCRIPCIÓN FÍSICA
Extensión 24 páginas :
Otras características físicas ilustraciones, retratos ;
Dimensiones 20 cm.
336 ## - TIPO DE CONTENIDO
Fuente rdacontent
Término de tipo de contenido texto
Código de tipo de contenido txt
337 ## - TIPO DE MEDIO
Fuente rdamedia
Nombre/término del tipo de medio sin mediación
Código del tipo de medio n
338 ## - TIPO DE SOPORTE
Fuente rdacarrier
Nombre/término del tipo de soporte volumen
Código del tipo de soporte nc
590 ## - NOTA LOCAL (RLIN)
Nota local Inventariado 2024 / MF
710 2# - PUNTO DE ACCESO ADICIONAL--NOMBRE DE ENTIDAD CORPORATIVA
Nombre de entidad corporativa o nombre de jurisdicción como elemento de entrada Academia Dominicana de la Historia
9 (RLIN) 777
942 ## - ELEMENTOS DE PUNTO DE ACCESO ADICIONAL (KOHA)
Fuente del sistema de clasificación o colocación Dewey Decimal Classification
Tipo de ítem Koha Folleto
Existencias
Estado de retiro Estado de pérdida Fuente del sistema de clasificación o colocación Restricciones de uso No para préstamo Código de colección Localización permanente Ubicación/localización actual Fecha de adquisición Total de préstamos Signatura topográfica completa Código de barras Fecha visto por última vez Precio válido a partir de Tipo de ítem Koha Ubicación en estantería Fuente de adquisición Número de copia Nota pública
    Dewey Decimal Classification Excluido de préstamo   Patrimonio Dominicano Folletos Biblioteca Nacional Pedro Henríquez Ureña Biblioteca Nacional Pedro Henríquez Ureña 20.05.2024   T77r 2024-3050 20.05.2024 20.05.2024 Folleto        
    Dewey Decimal Classification Excluido de préstamo   Patrimonio Dominicano Biblioteca Nacional Pedro Henríquez Ureña Biblioteca Nacional Pedro Henríquez Ureña 20.05.2023   T77r 2024-3052 20.05.2024 20.05.2024 Folleto En catalogación Perteneció a la biblioteca personal de Emilio Cordero Michel / Presidencia de la República e.2  
    Dewey Decimal Classification Préstamo en sala   Dominicana de Servicio Biblioteca Nacional Pedro Henríquez Ureña Biblioteca Nacional Pedro Henríquez Ureña 20.05.2023   T77r 2024-3053 20.05.2024 20.05.2024 Folleto En catalogación Perteneció a la biblioteca personal de Emilio Cordero Michel / Presidencia de la República e.3  
    Dewey Decimal Classification Préstamo en sala   Dominicana Folletos Biblioteca Nacional Pedro Henríquez Ureña Biblioteca Nacional Pedro Henríquez Ureña 26.11.2024   BNPHU DS T77r 2024-6697 26.11.2024 26.11.2024 Folleto En catalogación Donado por la Presidencia de la República Dominicana 2023 e.4 Pertenecio a la biblioteca personal de Emilio Cordero Michel

Con tecnología Koha